Loading...
| History - European | 0 | 5 | 0 | 0 | 50 | 25 | 67.00 | 2 | 4 | 0.00 | 0.00 |
| Science - Physics | 0 | 5 | 0 | 0 | 50 | 69 | 89.20 | 1 | 5 | 0.00 | 0.00 |
| Other | 0 | 4 | 0 | 1 | 40 | 53 | 72.00 | 2 | 3 | 0.00 | 0.00 |
| History - World | 0 | 5 | 2 | 2 | 40 | 58 | 101.60 | 1 | 2 | 0.00 | 0.00 |
| Science - Other | 0 | 3 | 0 | 1 | 30 | 63 | 85.67 | 3 | 3 | 0.00 | 0.00 |
| History - Other | 0 | 4 | 2 | 0 | 30 | 69 | 86.50 | 0 | 1 | 0.00 | 0.00 |
| Religion | 0 | 2 | 0 | 2 | 20 | 124 | 128.50 | 0 | 0 | 0.00 | 0.00 |
| Science - Biology | 0 | 2 | 0 | 0 | 20 | 68 | 76.50 | 1 | 2 | 0.00 | 0.00 |
| Literature - British | 0 | 1 | 0 | 0 | 10 | 19 | 19.00 | 1 | 1 | 0.00 | 0.00 |
| Fine Arts - Other | 0 | 1 | 0 | 0 | 10 | 56 | 56.00 | 1 | 1 | 0.00 | 0.00 |
| History - American | 0 | 1 | 3 | 0 | -5 | 101 | 101.00 | 1 | 1 | 0.00 | 0.00 |